<?xml version="1.0" encoding="UTF-8"?>
<record
    xmlns:xsi="http://www.w3.org/2001/XMLSchema-instance"
    xsi:schemaLocation="http://www.loc.gov/MARC21/slim http://www.loc.gov/standards/marcxml/schema/MARC21slim.xsd"
    xmlns="http://www.loc.gov/MARC21/slim">

  <leader>04473cam a2200457 i 4500</leader>
  <controlfield tag="001">21509751</controlfield>
  <controlfield tag="003">NUST</controlfield>
  <controlfield tag="005">20220825122048.0</controlfield>
  <controlfield tag="006">m    |o  d |      </controlfield>
  <controlfield tag="007">cr||||||||||||</controlfield>
  <controlfield tag="008">200423s2019    nyu     o     000 0 eng  </controlfield>
  <datafield tag="010" ind1=" " ind2=" ">
    <subfield code="a">  2019716424</subfield>
  </datafield>
  <datafield tag="020" ind1=" " ind2=" ">
    <subfield code="z">9781138489844</subfield>
    <subfield code="q">hardback</subfield>
  </datafield>
  <datafield tag="020" ind1=" " ind2=" ">
    <subfield code="z">9781138489851</subfield>
    <subfield code="q">pbk.</subfield>
  </datafield>
  <datafield tag="020" ind1=" " ind2=" ">
    <subfield code="a">9781351036665</subfield>
    <subfield code="q">ebook</subfield>
  </datafield>
  <datafield tag="020" ind1=" " ind2=" ">
    <subfield code="a">9781351036658</subfield>
    <subfield code="q">Web PDF</subfield>
  </datafield>
  <datafield tag="020" ind1=" " ind2=" ">
    <subfield code="a">9781351036641</subfield>
    <subfield code="q">EPub</subfield>
  </datafield>
  <datafield tag="020" ind1=" " ind2=" ">
    <subfield code="a">9781351036634</subfield>
    <subfield code="q">mobi/kindle</subfield>
  </datafield>
  <datafield tag="038" ind1=" " ind2=" ">
    <subfield code="a">Azhar</subfield>
  </datafield>
  <datafield tag="040" ind1=" " ind2=" ">
    <subfield code="a">DLC</subfield>
    <subfield code="b">eng</subfield>
    <subfield code="e">rda</subfield>
    <subfield code="c">DLC</subfield>
  </datafield>
  <datafield tag="050" ind1="0" ind2="0">
    <subfield code="a">PE1128.A2</subfield>
  </datafield>
  <datafield tag="082" ind1="0" ind2="0">
    <subfield code="a">428.0071</subfield>
    <subfield code="2">23</subfield>
    <subfield code="b">ADV</subfield>
  </datafield>
  <datafield tag="100" ind1="1" ind2=" ">
    <subfield code="a">Linville, Heather A.,</subfield>
    <subfield code="e">author.</subfield>
    <subfield code="9">94954</subfield>
  </datafield>
  <datafield tag="245" ind1="1" ind2="0">
    <subfield code="a">Advocacy in English language teaching and learning </subfield>
    <subfield code="c">By Heather A. Linville and James Whiting.</subfield>
  </datafield>
  <datafield tag="260" ind1=" " ind2=" ">
    <subfield code="a">New York, NY :</subfield>
    <subfield code="b">Routledge,</subfield>
    <subfield code="c">2019</subfield>
  </datafield>
  <datafield tag="264" ind1=" " ind2="1">
    <subfield code="c">2019.</subfield>
  </datafield>
  <datafield tag="300" ind1=" " ind2=" ">
    <subfield code="a">1 online resource</subfield>
  </datafield>
  <datafield tag="336" ind1=" " ind2=" ">
    <subfield code="a">text</subfield>
    <subfield code="b">txt</subfield>
    <subfield code="2">rdacontent</subfield>
  </datafield>
  <datafield tag="337" ind1=" " ind2=" ">
    <subfield code="a">computer</subfield>
    <subfield code="b">c</subfield>
    <subfield code="2">rdamedia</subfield>
  </datafield>
  <datafield tag="338" ind1=" " ind2=" ">
    <subfield code="a">online resource</subfield>
    <subfield code="b">cr</subfield>
    <subfield code="2">rdacarrier</subfield>
  </datafield>
  <datafield tag="505" ind1="0" ind2=" ">
    <subfield code="a">Advocacy skills for teachers: "a real careful little dance" / Heather A. Linville -- Problematizing advocacy: definitions, alignments, and expansions / Jamie Harrison and Josephine Prado -- Preparing teacher advocates -- Beyond the philosophy statement: bringing advocacy center stage in TESOL teacher education / James Whiting -- Community asset inquiry: an emerging model for developing ESOL teacher advocacy and reflexivity for family and community engagement / Felice Russell and Amanda Richey -- Building advocacy capacity in a teacher training program / Jamie Harrison -- Cultivating a sense of critical consciousness in teacher candidates within a community-based adult ESL program / Sarina Chugani Molina -- Action research for advocacy in a supervised teaching seminar / Carly Huelsenbeck, Laura Baecher, and Diane Staehr Fenner -- Advocacy in action -- Exploring advocacy in an elementary ESL afterschool program in the United States: empirically, what's there? / Jackie Ridley, Nicole King, Esther Hye-Min Yoon, and Youngjoo Yi -- Language advocate alliances: families and educators united to support English -- Moving away from the margins: publication of international voices as a tool for advocacy / Kristin Roberts-Raymond, Denise Desrosiers, Andrea Paquin, and Carolyn Hutton -- Action required: the adult educator as activist / Rob Sheppard -- A framework for asset-focused advocacy in adult ESL education Deborah Kennedy -- Making the path by walking together: a collaborative approach to advocacy / Sarah Hesson and Rachel Toncelli -- Advocating with specific EL populations -- Advocating for Indigenous Hispanic EL students: promoting the Indigenismo within / Luis Javier Pent'n Herrera -- A mother's advocacy: lessons for educators of long-term EL students / Maneka Deanna Brooks -- From majority to minority: advocating for English learners from the African diaspora / Kisha C. Bryan, Ayanna Cooper, and Babatunji Ifarinu.</subfield>
  </datafield>
  <datafield tag="520" ind1=" " ind2=" ">
    <subfield code="a">"This holistic text explores the nexus of advocacy and English language teaching and learning, beginning with theoretical examinations of advocacy, covering constraints and challenges, and offering a range of practical perspectives in different contexts and populations. Appropriate for those new to the topic and to established scholars, this volume explores advocacy in practice as a form of social justice. Bringing together wide-ranging and diverse viewpoints in TESOL, this volume examines the role and of advocacy in a range of contexts, including K-12 classrooms and schools, adult and higher education settings, families and communities, and teacher education programs and professional organizations. Advocacy in English Language Teaching and Learning offers readers a deeper understanding of what advocacy is, what advocacy can be, and gives teacher candidates and educators the tools to advocate for their students, colleagues, and communities"--</subfield>
    <subfield code="c">Provided by publisher.</subfield>
  </datafield>
  <datafield tag="563" ind1=" " ind2=" ">
    <subfield code="a">HB</subfield>
  </datafield>
  <datafield tag="588" ind1=" " ind2=" ">
    <subfield code="a">Description based on print version record.</subfield>
  </datafield>
  <datafield tag="650" ind1=" " ind2="0">
    <subfield code="a">English language</subfield>
    <subfield code="x">Study and teaching</subfield>
    <subfield code="x">Foreign speakers.</subfield>
    <subfield code="9">11458</subfield>
  </datafield>
  <datafield tag="650" ind1=" " ind2="0">
    <subfield code="a">Social advocacy.</subfield>
    <subfield code="9">94955</subfield>
  </datafield>
  <datafield tag="776" ind1="0" ind2="8">
    <subfield code="i">Print version:</subfield>
    <subfield code="t">Advocacy in English language teaching and learning</subfield>
    <subfield code="d">New York, NY : Routledge, 2019.</subfield>
    <subfield code="z">9781138489844 (hardback)</subfield>
    <subfield code="w">(DLC)  2018041563</subfield>
  </datafield>
  <datafield tag="906" ind1=" " ind2=" ">
    <subfield code="a">7</subfield>
    <subfield code="b">cbc</subfield>
    <subfield code="c">origcop</subfield>
    <subfield code="d">1</subfield>
    <subfield code="e">ecip</subfield>
    <subfield code="f">20</subfield>
    <subfield code="g">y-gencatlg</subfield>
  </datafield>
  <datafield tag="942" ind1=" " ind2=" ">
    <subfield code="2">ddc</subfield>
    <subfield code="c">LC</subfield>
  </datafield>
  <datafield tag="999" ind1=" " ind2=" ">
    <subfield code="c">590583</subfield>
    <subfield code="d">590583</subfield>
  </datafield>
  <datafield tag="952" ind1=" " ind2=" ">
    <subfield code="0">0</subfield>
    <subfield code="1">0</subfield>
    <subfield code="2">ddc</subfield>
    <subfield code="4">0</subfield>
    <subfield code="7">0</subfield>
    <subfield code="a">CL</subfield>
    <subfield code="b">CL</subfield>
    <subfield code="c">LC</subfield>
    <subfield code="d">2022-07-25</subfield>
    <subfield code="o">428.0071 ADV</subfield>
    <subfield code="p">LC-237</subfield>
    <subfield code="r">2022-07-25</subfield>
    <subfield code="w">2022-07-25</subfield>
    <subfield code="y">REF</subfield>
  </datafield>
</record>
